| 000 | 005010000a22001690004500 | ||
|---|---|---|---|
| 003 | MACL | ||
| 005 | 20160102161422.0 | ||
| 008 | 160102b xxu||||| |||| 00| 0 eng d | ||
| 040 |
_aMACL _cMACL |
||
| 041 | _aEnglish | ||
| 082 | _a700/COO | ||
| 100 |
_aCoomaraswamy, Ananda K _927336 |
||
| 245 |
_aCatalogue of The Indian Collections in the Museum of fine Arts Boston _bPart 6 Mughal Painting |
||
| 260 |
_bHarvard University Press _c1930 _aBoston |
||
| 650 |
_aArts _927337 |
||
| 942 |
_cBK _k700/COO _2ddc |
||
| 999 |
_c35273 _d35273 |
||